Cenni storici del Cav. Agostino Manfrin Provedi sulla traduzione in versi esametri latini della Divina Commedia di Dante Alighieri esequita dall'Abate Gaetano Dalla Piazza (Record no. 111560)

MARC details
000 -LEADER
campo de control de longitud fija 01112nam a2200193 i 4500
001 - NÚMERO DE CONTROL
campo de control 111560
003 - IDENTIFICADOR DE NÚMERO DE CONTROL
campo de control ES-MaACL
005 - FECHA Y HORA DE LA ÚLTIMA TRANSACCIÓN
campo de control 20240125194422.0
007 - CAMPO FIJO DE DESCRIPCIÓN FÍSICA--INFORMACIÓN GENERAL
campo de control de longitud fija t|
008 - DATOS DE LONGITUD FIJA--INFORMACIÓN GENERAL
campo de control de longitud fija 190430s1882 it r ||||1| ita d
100 1# - ENTRADA PRINCIPAL--NOMBRE DE PERSONA
Nombre de persona Provedi, Agostino Manfrin.
9 (RLIN) 129413
245 10 - MENCIÓN DEL TÍTULO
Título Cenni storici del Cav. Agostino Manfrin Provedi sulla traduzione in versi esametri latini della Divina Commedia di Dante Alighieri esequita dall'Abate Gaetano Dalla Piazza
Resto del título : susseguiti dalla Vita del Dalla Piazza con aggiuntevi alcune sue lettre : dalla Prefazione che los stesso aveva divisato di pubblicare insieme alla di lui versione, e da un saggio die questa consistente in due tratti die ciascuna delle tre Cantiche col test Italiano a fronte secondo la edizione fiorentina del Le Monnier e C. /
Mención de responsabilidad, etc. Agostino Manfrin Provedi.
260 ## - PUBLICACIÓN, DISTRIBUCIÓN, ETC.
Lugar de publicación, distribución, etc. Venezia :
Nombre del editor, distribuidor, etc. Visentini,
Fecha de publicación, distribución, etc. 1882.
300 ## - DESCRIPCIÓN FÍSICA
Extensión 107 p. ;
Dimensiones 22 cm.
600 04 - PUNTO DE ACCESO ADICIONAL DE MATERIA--NOMBRE DE PERSONA
Nombre de persona Dante Alighieri,
Fechas asociadas al nombre 1265-1321.
Título de la obra La divina commedia
9 (RLIN) 175737
700 1# - ENTRADA AGREGADA--NOMBRE PERSONAL
Nombre de persona Piazza, Gaetano dalla.
9 (RLIN) 166949
852 ## - LOCALIZACIÓN
Ubicación ES-MaACL
Número de control de estantería T-350-F-1
Nota libre - Dedicatoria autógrafa del autor
Holdings
Estatus retirado Estado de pérdida Estado de daño No para préstamo Colección Biblioteca de origen Biblioteca actual Ubicación en estantería Fecha de adquisición Fuente de adquisición Total de préstamos Signatura topográfica completa Código de barras Visto por última vez Precio de reemplazo Tipo de ítem Koha
        Colección de folletos Biblioteca del Ateneo de Madrid Biblioteca del Ateneo de Madrid Depósito folletos 30/04/2019     T-3250-F-1 1200461 23/02/2023 23/02/2023 Folleto